| 000 | 00837cab a2200217 4500 | ||
|---|---|---|---|
| 001 | WB3044-74 | ||
| 008 | 090401t1994 xxu||||| |||| 00| 0 eng d | ||
| 035 | _a(Sirsi) u10626 | ||
| 041 | _aeng | ||
| 245 | _aArable area payments scheme | ||
| 260 | _c1994 | ||
| 350 | _a0 | ||
| 490 |
_aMAFF News Release _v(430/94) 21 November 1994 (2) |
||
| 520 | _aIn September it was announced that the English maize base area had been exceeded by 66.9%. Consequentially English maize growers will have the full penalties imposed. Growers claiming area payments will be paid on 59.9% of the area of maize and associated set-aside for which they submitted claims for arable aid in 1994. | ||
| 650 | _aARABLE AREA PAYMENTS | ||
| 650 | _aMAIZE PRODUCTION | ||
| 650 | _aSET-ASIDE | ||
| 690 | _aRURAL PRACTICE | ||
| 942 | _n0 | ||
| 948 | _c04/03/1997 | ||
| 999 |
_c6731 _d6731 |
||